Tail Wind. (Record no. 16960)

000 -LEADER
fixed length control field 00477nam a2200169 a 4500
001 - CONTROL NUMBER
control field :::00020305$&:&@@
003 - CONTROL NUMBER IDENTIFIER
control field OkBaRHE
005 - DATE AND TIME OF LATEST TRANSACTION
control field 20100331133233.0
008 - FIXED-LENGTH DATA ELEMENTS--GENERAL INFORMATION
fixed length control field s1983 j 000 0 eng u
040 ## - CATALOGING SOURCE
Transcribing agency
100 1# - MAIN ENTRY--PERSONAL NAME
Personal name van Buskirk, Robert
245 10 - TITLE STATEMENT
Title Tail Wind.
260 ## - PUBLICATION, DISTRIBUTION, ETC. (IMPRINT)
Place of publication, distribution, etc Dallas, TX
Name of publisher, distributor, etc Acclaimed Books
Date of publication, distribution, etc 1983
300 ## - PHYSICAL DESCRIPTION
Extent 216 p.
942 ## - ADDED ENTRY ELEMENTS (KOHA)
Source of classification or shelving scheme
Koha item type Books
Copies
Not for loan Copy number Source of classification or shelving scheme Price effective from Date last seen Shelving location Barcode Koha item type Permanent Location Full call number Damaged status Date acquired Withdrawn status Lost status
 1 2010-04-142010-04-14General Stacks20305BooksRHEMA Bible Training CollegeBV 4935 .V25 A37 2010-04-14